Регионална библиотека "Любен Каравелов" - Русе

Алиби (Запис номер 467957)

MARC детайли
000 -Лидер
Контролно поле с фиксирана дължина nam a22 a 4500
003 - Код на организацията, давaща контролен номер
Контролно поле BLK
005 - Дата и час на последна редакция
Контролно поле 20220722154902.0
008 - Елементи от данни с фиксирана дължина
fixed length control field 220722b bu |||||r|||| 00| | bu d
040 ## - Източник на каталожния запис
Идентификатор на билиотеката - собственик на записа BLK
041 ## - Код за език
Код за езика на текст/звукозапис или на отделно заглавие Руски
Код за езика КДБФ Руски
080 ## - УДК
Текстов определител УДК Българска литература
УДК код - определител по УДК 821.163.2
УДК определител -31
УДК - код + определител 821.163.2-31
100 ## - Редна дума - Автор
R(LIN) 1299
Автор Пеев, Димитър
Авторска отговорност първи автор
139 ## - Редно поле
Редна дума Пеев, Димитър
245 ## - Сведения за заглавието
Заглавие Алиби
Подзаглавни данни Повесть
Редно поле (дума) Димитр Пеев ; пер. с болг. А. Опульского, Л. Боровишки
250 ## - Област на изданието
Сведения за изданието 2. изд.
257 ## - Страна на издаване
Страна на създаване/издаване България
260 ## - Област на издателските данни
9 (RLIN) 216188
Място на издаване, разпространение и проч. София
Име на издателя, разпространителя и проч. София-пресс
Година на издаване 1973
300 ## - Физическа характеристика
Страници 203 с.
Размери/Мащаб 21 см
380 ## - Жанр
Жанр Худож. лит.
500 ## - Общи забележки
Забележка Ориг. загл. Алиби. - 1. изд. 1969
700 1# - Други автори (авторска отговорност)
9 (RLIN) 104781
Лично име Опульский, Альберт Игнатьевич
Автороска отговорност (Описва отношението между автора и произведението) пер. с болг.
700 ## - Други автори (авторска отговорност)
9 (RLIN) 771
Лично име Боровишки, Л.
Автороска отговорност (Описва отношението между автора и произведението) пер. с болг.
852 ## - Местоположение
Форматна сигнатура Цб 66917
Фондова буква Хранилище
999 ## - СИСТЕМНИ КОНТРОЛНИ НОМЕРА
Koha biblionumber 467957
Koha biblioitemnumber 467957
942 ## - АРТИКУЛИ
Вид на библиотечния материал Книги
Скрит в OPAC Не
Периодичен библиозапис Да
944 ## - СЪЗДАВАНЕ И РЕДАКЦИЯ на ЗАПИСА
Създаване/Редакция Създаване
Дата на регистрацията/редакция 2022-07-22
Служител, извършил регистрацията/редакцията ГГГ
Наличности
Код за отписване Код за изгубен артикул Източник на класификационната схема Код за повреда Коз за рестрикции Код за отдаване Артикулен № Име на библиотеката - собственик Име на библиотеката, в която се намира в момента Статус (Текущо местоположение) Дата на вписване в системата Местоположение - отдел Цена в лева Инвентарен номер Систематично азбучна сигнатура Баркод Цена в евро Служебен тип на артикула
  Не е изгубен Universal Decimal Classification Не е повреден само за читалня ползва се в читалня 897160 Регионална библиотека "Любен Каравелов" Русе Регионална библиотека "Любен Каравелов" Русе Хранилище 2022-07-25 Хранилище 0.48 135306 Цб 66917 120000135306 0.25 Книги
Vip Innovations Ltd, Rousse, Bulgaria 2025